把你带走 (Record no. 66034)

000 -LEADER
fixed length control field 00548nam a22001937a 4500
003 - CONTROL NUMBER IDENTIFIER
control field MPLRDC
005 - DATE AND TIME OF LATEST TRANSACTION
control field 20220104195133.0
008 - FIXED-LENGTH DATA ELEMENTS--GENERAL INFORMATION
fixed length control field 210129b ||||| |||| 00| 0 eng d
020 ## - INTERNATIONAL STANDARD BOOK NUMBER
International Standard Book Number 978-967-0564-66-1
082 ## - DEWEY DECIMAL CLASSIFICATION NUMBER
Classification number 859.9 YHXS v.15
100 ## - MAIN ENTRY--PERSONAL NAME
Personal name 许友彬 原著
245 ## - TITLE STATEMENT
Title 把你带走
Statement of responsibility, etc. 陈国胜 画
250 ## - EDITION STATEMENT
Edition statement 一版一刷
260 ## - PUBLICATION, DISTRIBUTION, ETC.
Place of publication, distribution, etc. 马来西亚
Name of publisher, distributor, etc. 红蜻蜓出版有限公司 ODONATA PUBLISHING SDN BHD
Date of publication, distribution, etc. 2015
300 ## - PHYSICAL DESCRIPTION
Other physical details
490 ## - SERIES STATEMENT
Series statement 有画想说.15
650 ## - SUBJECT ADDED ENTRY--TOPICAL TERM
Topical term or geographic name entry element 儿童文学--漫画
942 ## - ADDED ENTRY ELEMENTS (KOHA)
Koha item type Book
-- 859.9 YHXS v.15
Holdings
Withdrawn status Lost status Source of classification or shelving scheme Damaged status Not for loan Collection code Home library Current library Shelving location Date acquired Cost, normal purchase price Total Checkouts Total Renewals Full call number Barcode Date last seen Date last checked out Price effective from Koha item type Public note
            Malaysian Public Library, Research and Development Centre Malaysian Public Library, Research and Development Centre   28/02/2016 15.00 1 1 859.9 YHXS v.15 00059732 26/01/2023 14/08/2022 18/03/2021 Book mplrdc

© 2022. Malaysian Public Library, Research and Development Centre. All Right ReservedE-mailmplrdc@help.edu.my 

Powered by Koha